000
00272nam a2200109Ia 4500
008
190216s9999||||xx |||||||||||||| ||und||
100
_a
Shankar Dayal Sharma
245
0
_a
Chourangi
260
_b
Nbs Kottayam
650
_a
Malayalam-Malayalam Biography
942
_c
BK
999
_c
24944
_d
24944